Charles Christian Nahl : (Record no. 25131)

000 -LEADER
fixed length control field 01340cam a2200289 i 4500
001 - CONTROL NUMBER
control field 327799
003 - CONTROL NUMBER IDENTIFIER
control field OSt
005 - DATE AND TIME OF LATEST TRANSACTION
control field 20170130164224.0
008 - FIXED-LENGTH DATA ELEMENTS--GENERAL INFORMATION
fixed length control field 760904s1976 caua bc 000 0 eng
010 ## - LIBRARY OF CONGRESS CONTROL NUMBER
LC control number 75025218
040 ## - CATALOGING SOURCE
Original cataloging agency DLC
Transcribing agency DLC
Modifying agency DLC
050 00 - LIBRARY OF CONGRESS CALL NUMBER
Classification number ND237.N25
Item number S73
082 00 - DEWEY DECIMAL CLASSIFICATION NUMBER
Classification number 759.13
-- B
100 1# - MAIN ENTRY--PERSONAL NAME
Personal name Stevens, Moreland L.
245 00 - TITLE STATEMENT
Title Charles Christian Nahl :
Remainder of title artist of the Gold Rush, 1818-1878 : [exhibition catalogue] /
Statement of responsibility, etc. Moreland L. Stevens, with the assistance of Marjorie Arkelian ; [edited by Richard V. West ; with additional contributions by Roger D. Clisby, Susan Franz Lake, and the editor].
260 ## - PUBLICATION, DISTRIBUTION, ETC. (IMPRINT)
Place of publication, distribution, etc. Sacramento, Calif. :
Name of publisher, distributor, etc. E. B. Crocker Art Gallery,
Date of publication, distribution, etc. 1976.
300 ## - PHYSICAL DESCRIPTION
Extent 155 p. :
Other physical details ill. (some col.) ;
Dimensions 24 cm.
500 ## - GENERAL NOTE
General note "E. B. Crocker Art Gallery, July 10-August 29, 1976; the Oakland Museum, September 14-October 31, 1976; Fine Arts Gallery of San Diego, November 20, 1976-January 2, 1977."
504 ## - BIBLIOGRAPHY, ETC. NOTE
Bibliography, etc Bibliography: p. 99-100.
600 10 - SUBJECT ADDED ENTRY--PERSONAL NAME
Personal name Nahl, Charles,
Dates associated with a name 1818-1878.
700 1# - ADDED ENTRY--PERSONAL NAME
Personal name Arkelian, Marjorie Dakin,
Relator term joint author.
710 2# - ADDED ENTRY--CORPORATE NAME
Corporate name or jurisdiction name as entry element E.B. Crocker Art Gallery.
710 2# - ADDED ENTRY--CORPORATE NAME
Corporate name or jurisdiction name as entry element Oakland Museum.
710 2# - ADDED ENTRY--CORPORATE NAME
Corporate name or jurisdiction name as entry element Fine Arts Gallery of San Diego.
906 ## - LOCAL DATA ELEMENT F, LDF (RLIN)
a 7
b cbc
c orignew
d 2
e ocip
f 19
g y-gencatlg
942 ## - ADDED ENTRY ELEMENTS (KOHA)
Source of classification or shelving scheme
Koha item type Hard Covered Materials
Classification part ND 237 .N25S73 1976
Holdings
Withdrawn status Lost status Source of classification or shelving scheme Damaged status Not for loan Home library Current library Shelving location Date acquired Source of acquisition Total Checkouts Full call number Barcode Date last seen Price effective from Koha item type
          MACHAKOS UNIVERSITY LIBRARY MACHAKOS UNIVERSITY LIBRARY Technical section 30/01/2017 Donation (BFA)   ND 237 .N25S73 1976 33149 03/08/2018 30/01/2017 Hard Covered Materials
© Machakos University Library, Along The Highway, Machakos Wote Rd, Machakos, Kenya P.O. Box 136 - 90100 Machakos - Kenya

Tel: ( +254 ) 723 805829 OR Fax : 044-20353 OR Email: library@mksu.ac.ke